[Event "Norm Congress-GM 2019"]
[Site "Saint Louis"]
[Date "2019.05.21"]
[Round "10.1"]
[White "Boros, Denes"]
[Black "Shtembuliak, Evgeny"]
[Result "0-1"]
[WhiteElo "2439"]
[BlackElo "2516"]
[Annotator "TA"]
[PlyCount "100"]
[EventDate "2019.05.16"]
[EventType "tourn"]
[EventCountry "USA"]
[SourceTitle "playchess.com"]
[Source "ChessBase"]
[SourceQuality "1"]

{[%evp 9,100,10,16,6,11,13,27,7,38,8,31,0,5,-20,0,-16,-12,-6,62,63,84,33,61,8,14,5,12,14,14,12,18,-11,0,-5,-6,-41,0,0,0,-55,-45,-173,-183,-237,-230,-430,-439,-437,-434,-445,-444,-445,-444,-447,-447,-440,-439,-579,-579,-552,-483,-29967,-29968,-11619,-11605,-29970,-29971,-4622,-1333,-4562,-4550,-1078,-2850,-3220,-3093,-1304,-946,-945,-822,-29971,-29973,-29973,-29974,-29975,-29976,-29974,-29975,-29980,-29971,-29981,-29982,-29982,-29983]} 1. Nf3 Nf6 2. d4 g6 3. Bf4 Bg7 4. Nc3 d5 5. e3 a6 6. Be2 {D00: 1 d4 d5: Unusual lines} b6 (6... O-O 7. h4 c5 8. dxc5 Nbd7 9. Nd2 Nxc5 10. h5 Nfe4 11. Ndxe4 Nxe4 12. Nxd5 Bxb2 13. hxg6 fxg6 14. Bc4 e6 {1-0 (102) Romanov,E (2619)-Torosyan,N (2371) Batumi 2018}) 7. Ne5 Bb7 8. Bf3 {White has an edge.} Nbd7 9. h4 $146 ({Predecessor:} 9. Qd2 Ne4 10. Bxe4 dxe4 11. Nxd7 Qxd7 12. Rd1 O-O-O 13. Qe2 {0-1 (32) Ferretti,F (2211)-Cattaneo,M (2175) Bratto 2015}) 9... h5 10. a4 Ne4 11. Qd3 Nxc3 12. bxc3 {[%cal Bb2c3,Bc3c4][%mdl 32] Nxg6! is the strong threat.} (12. Qxc3 {looks sharper.} c5 13. O-O O-O 14. Rfd1 e6 15. Nxd7 Qxd7 16. Qb3) 12... Nxe5 13. dxe5 Qd7 ({Black should try} 13... e6 $11) 14. c4 $14 {[%cal Rc4d5]} Rd8 {[#]} 15. Rd1 (15. O-O $1 $16) 15... c6 16. Qb3 ({Better is} 16. Rb1 $14) 16... b5 $11 17. cxb5 cxb5 18. axb5 axb5 19. O-O O-O 20. Rb1 Bc6 21. Rfd1 e6 22. Be2 Qc7 23. Bg5 Ra8 24. f4 (24. Bf6 $11) 24... Rfc8 $15 25. Ra1 (25. Bxb5 $15 Bxb5 26. Qxb5) 25... Bf8 $19 26. Bf6 (26. Kh2 $142) 26... b4 27. g4 $2 (27. f5) 27... hxg4 28. Bxg4 Bd7 29. h5 {Threatens to win with Rxa8.} Rxa1 30. Rxa1 {intending hxg6.} Qxc2 31. Qxc2 Rxc2 32. hxg6 fxg6 {And now ...b3 would win.} 33. Ra7 Bc8 34. Ra8 {Black must now prevent Rxc8!} b3 35. Rxc8 {[#]} (35. Be7 $19 b2 36. Bxe6+ Bxe6 37. Rxf8+ Kg7 38. Rb8) 35... Rxc8 36. Bxe6+ {[%mdl 4096] Endgame KRB-KB} Kh7 37. Bxd5 b2 38. Be4 Rc1+ (38... Rc4 $142 39. e6 Rxe4 {[%mdl 64] Double Attack} 40. Bxb2 Rxe3) 39. Kf2 b1=Q 40. Bxb1 Rxb1 41. e6 Rb7 42. Kf3 Be7 43. Bd4 Rb5 44. e4 Rb3+ {Black mates.} 45. Ke2 Kh6 46. Kd2 Kh5 47. Kc2 Ra3 48. Bb2 Ra6 49. f5 gxf5 50. exf5 Kg5 {Accuracy: White = 25%, Black = 64%.} 0-1

[Event "Norm Congress-GM 2019"]
[Site "Saint Louis"]
[Date "2019.05.21"]
[Round "11.1"]
[White "Shtembuliak, Evgeny"]
[Black "Boros, Denes"]
[Result "0-1"]
[WhiteElo "2516"]
[BlackElo "2439"]
[Annotator "TA"]
[PlyCount "146"]
[EventDate "2019.05.16"]
[EventType "tourn"]
[EventCountry "USA"]
[SourceTitle "playchess.com"]
[Source "ChessBase"]
[SourceQuality "1"]

{[%evp 11,209,0,25,31,29,23,35,40,25,27,34,27,22,28,33,30,29,31,54,20,52,34,58,32,40,27,46,20,72,73,67,64,67,26,55,56,52,30,52,28,74,68,139,0,0,-20,-6,-12,25,31,62,58,66,55,46,49,53,-6,0,-93,-35,-37,-16,-25,-72,-76,-74,-89,-46,-125,0,-19,0,-93,-94,-279,-281,-298,-255,-228,-268,-335,-312,-356,-347,-342,-370,-357,-354,-319,0,-301,-291,-308,-12,-278,-169,-393,-377,-347,-347,-547,-526,-477,-418,-415,-370,-351,-365,-458,-427,-585,-598,-774,-773,-950,-620,-3496,-968,-966,-951,-4132,-924,-939,-924,-1088,-891,-875,-863,-779,-728,-856,-816,-29964,-29964,-29965,-29966,-29968,-29965,-29973,-29970,-29973,-29963,-29971,-29969,-29954,-12822,-7012,-4577,-5288,-4577,-11675,-4624,-4624,-4606,-4613,-4613,-4591,-4584,-6376,-4577,-4577,-4569,-1493,-1180,-951,-674,-648,-648,-4577,-4569,-4577,-4577,-4577,-4569,-4569,-4569,-4569,-4569,-4562,-4562,-2061,-1918,-1758,-1122,-1607,-1545,-1217,0,-993,-633,-29967,-566,-566,0,-11683,-4631,-4622,-612,-593]} 1. c4 g6 2. d4 c5 3. Nf3 Bg7 4. Nc3 cxd4 5. Nxd4 Nc6 6. e3 d6 7. Be2 {A35: Symmetrical English: 2 Nc3 Nc6 3 Nf3} Bd7 (7... Nf6 8. O-O O-O 9. b3 Bd7 10. Bb2 a6 11. Rc1 Qa5 12. a3 Rfc8 13. Qd2 Rab8 14. Rfd1 Qd8 15. Nxc6 Bxc6 16. b4 Qb6 17. Qc2 Bd7 18. Qb1 Bf5 {1-0 (44) Shinkevich,V (2454)-Kokarev,D (2608) Kolomna 2018}) 8. O-O Nh6 9. Nxc6 $146 {White is slightly better.} ({Predecessor:} 9. Bf3 Nf5 10. Nxf5 gxf5 11. g3 Rc8 12. Ne2 Qc7 13. Nf4 Rg8 14. Bg2 Na5 {0-1 (37) Muschik,B-Gueting,J Germany 1992}) 9... bxc6 10. Qc2 Qa5 11. Bd2 O-O 12. Rab1 Rab8 13. b4 Qc7 14. Rfc1 Bf5 15. Bd3 Kh8 16. b5 Be6 17. a4 Ng4 18. Be2 Ne5 19. Na2 c5 (19... cxb5 $11 {remains equal.} 20. Nb4 Bxc4) 20. f4 $16 Nd7 21. Nc3 f5 22. Qb3 Bg8 23. Bf3 Qd8 24. Kh1 g5 25. Bd5 Nf6 26. Bxg8 Rxg8 ({Black should play} 26... Nxg8 $14 27. fxg5 e6) 27. Qc2 (27. fxg5 $16 Ng4 28. h3 Nf2+ 29. Kg1) 27... e6 $1 $11 28. Rf1 gxf4 29. exf4 Ng4 30. h3 Qh4 {Threatens to win with ...Qg3.} 31. Be1 Qh6 32. Qd3 Bd4 {White must now prevent ...Ne3.} 33. Ne2 e5 34. Nxd4 (34. fxe5 $1 $14 Nxe5 35. Qc2) 34... exd4 35. Bd2 (35. Bf2 $11) 35... Nf6 (35... Qh5 $17 36. Qf3 {[%mdl 64] Pin} Qh4) 36. Qxf5 $15 Nh5 37. Kh2 Ng3 ({Worse is} 37... Qg7 38. g4 $16) 38. Qd3 Nxf1+ $40 {[%mdl 128] Black goes for the king.} 39. Rxf1 Qg7 {[%csl Gg8][%cal Rg7g2]} 40. Qf3 ({White should try} 40. Rf2 $15) 40... Rbe8 (40... Qb7 $1 $17 {next ...Qxf3 is good for Black.} 41. Qxb7 Rxb7) 41. f5 $11 Qe5+ 42. Bf4 (42. Kg1 $11) 42... Qxf5 $17 43. Bxd6 $2 (43. a5 $17 {was necessary.}) 43... Qxf3 $1 $19 44. Rxf3 $17 {[%mdl 4096] Endgame [#] KRR-KRB} Re2 $1 45. Bg3 h5 46. Rf5 Rd8 $1 47. Rxh5+ Kg8 48. Rxc5 d3 {And now ...d2 would win.} 49. Bf4 Rf2 50. Be3 Re2 51. Bf4 $1 Kf7 ({Resist} 51... d2 52. Bxd2 Rdxd2 53. Rg5+ Kf7 54. c5 $19) 52. a5 Rd4 $2 (52... d2 $19 53. Bxd2 Rdxd2 54. Rc7+ Ke6) 53. Bg5 $2 {[%mdl 8192]} (53. b6 $1 $11 {and White stays safe.} axb6 54. axb6) 53... Rb2 54. a6 $2 (54. Rc7+ {might work better.} Ke6 55. Rxa7) 54... d2 $19 55. Bxd2 Rdxd2 56. Rg5 (56. Kg3 $142 Rxg2+ 57. Kf4) 56... Kf6 57. Rg8 Rb4 58. Rf8+ Ke7 59. Rg8 {intending Rg7+.} Kf7 60. Rg4 Rd7 61. h4 Rc7 62. Rg5 Rcxc4 63. g3 Rb3 64. Rh5 Kg6 (64... Rg4 $142 65. b6 Rxb6) 65. Rg5+ Kf6 66. Rh5 Kg7 (66... Rg4 $142 67. Rh8 Rxb5 68. Rf8+ Ke6 69. Re8+ Kd6 70. Rd8+ Kc6) 67. Rg5+ Kh6 68. Re5 Rcb4 69. Re6+ Kh5 70. Re5+ Kg6 71. Re7 Rxb5 72. Rxa7 Ra3 73. Ra8 Ra2+ {Played: Rb5-a5} 0-1

[Event "Norm Congress-GM 2019"]
[Site "Saint Louis"]
[Date "2019.05.21"]
[Round "12.1"]
[White "Shtembuliak, Evgeny"]
[Black "Boros, Denes"]
[Result "1-0"]
[WhiteElo "2516"]
[BlackElo "2439"]
[Annotator "TA"]
[PlyCount "131"]
[EventDate "2019.05.16"]
[EventType "tourn"]
[EventCountry "USA"]
[SourceTitle "playchess.com"]
[Source "ChessBase"]
[SourceQuality "1"]

{[%evp 19,131,46,40,14,16,12,18,0,0,0,0,-6,60,-27,-25,-33,-33,-35,-31,-34,-28,-29,-16,-58,146,150,134,-22,10,-39,0,0,0,0,0,0,0,0,0,0,215,0,29,7,7,0,12,0,8,0,0,0,0,0,0,0,0,0,0,0,0,0,0,-12,-5,-10,0,0,0,-21,-20,-25,0,0,0,0,0,0,0,0,21,21,732,729,653,636,29952,29955,29962,29957,29963,29961,5985,5015,29970,29966,29977,29978,29979,29980,29983,29984,29983,29983,29986,29987,29989,29988,29990,29988,29988,29989,29991,29992]} 1. Nf3 Nf6 2. g3 g6 3. Bg2 Bg7 4. O-O c6 5. c4 O-O 6. d3 d6 7. Nc3 a6 8. Rb1 Nbd7 9. b4 e5 10. a4 Re8 11. b5 {A24: English Opening vs King's Indian: Lines without ...Nc6} (11. e4 d5 12. exd5 cxd5 13. Nd2 dxc4 14. Nxc4 Nb6 15. Nxb6 Qxb6 16. Be3 Qd8 17. Qd2 Rb8 18. b5 Bf5 19. bxa6 bxa6 20. Rxb8 Qxb8 {1-0 (42) Arsovic,Z (2420)-Seitaj,I (2364) Bihac 2016}) 11... axb5 12. axb5 Qc7 13. Nd2 {The position is equal.} Nc5 14. Nb3 $146 ({Predecessor:} 14. bxc6 bxc6 15. Nb5 Qd7 16. Nc3 h5 17. Nde4 Ncxe4 18. Nxe4 Nxe4 19. Bxe4 {½-½ (33) Oddone,C (2222)-Larrea,M (2314) Montevideo 2012}) 14... Ne6 15. Bd2 Nd4 (15... Bd7 $11) 16. e3 ({White should play} 16. bxc6 $14 bxc6 17. Nxd4 exd4 18. Nb5 $1 {[%mdl 512]} cxb5 19. Bxa8 bxc4 20. dxc4) 16... Bg4 $11 17. f3 Nxb3 18. Qxb3 Be6 19. bxc6 bxc6 20. Qb6 Rec8 21. f4 Nd7 $2 (21... Qd7 $15 {keeps the upper hand.}) 22. Qxc7 $16 Rxc7 {[#]} 23. Ne4 $2 (23. Nb5 $1 $16 {[%cal Rb5c7][%mdl 512]} cxb5 24. Bxa8) 23... Bf8 24. Ng5 exf4 25. Nxe6 fxe6 26. gxf4 Ra2 27. Rf2 d5 28. Bc3 Ra3 29. Rc2 Rca7 $2 (29... dxc4 $11 {and Black has nothing to worry.} 30. dxc4 Bg7) 30. Kf2 $2 ({Only move:} 30. cxd5 $18 cxd5 31. Bd4) 30... Kf7 31. Ke2 Be7 32. Bf3 Ra2 33. Rbb2 R2a3 34. Bd4 c5 35. Bc3 dxc4 36. dxc4 Bf6 37. Bxf6 Kxf6 38. Rd2 Ke7 39. Bc6 Nf6 {White should prevent ...Ng4.} 40. Bf3 Rc3 41. Rdc2 Rxc2+ 42. Rxc2 $11 {[%mdl 4096] Endgame [#] KRB-KRN} e5 $1 {[%mdl 512]} 43. fxe5 Nd7 44. Bd5 Nxe5 45. Rb2 h5 46. Rb6 {Threatens to win with Re6+.} Ra2+ 47. Kf1 {Strongly threatening Re6+.} Ng4 48. Re6+ Kd7 49. h3 Nf2 (49... Rf2+ {with more complications.} 50. Ke1 Rf6 51. Re4 Nf2 52. Rh4 Nd3+) 50. Rxg6 Nxh3 $2 {[%mdl 8192]} (50... Nd1 $11) 51. Be6+ $18 {[%mdl 64] Double Attack} Ke7 52. Bxh3 {KRB-KR} Rc2 53. Be6 Rc3 54. Ke2 Rc2+ 55. Kd3 Rh2 56. Bd5 h4 57. Rh6 {White mates.} Kd7 58. Ke4 Ke7 59. Ke5 h3 60. Rh7+ Kf8 61. e4 Rh1 62. Kd6 h2 63. e5 Ra1 64. Rxh2 Ra6+ 65. Bc6 Ra7 66. e6 {Accuracy: White = 42%, Black = 36%.} 1-0